Handbook on SPSS for research work (Record no. 24444)

MARC details
000 -LEADER
fixed length control field 00461nam a2200169Ia 4500
008 - FIXED-LENGTH DATA ELEMENTS--GENERAL INFORMATION
fixed length control field 230917s9999||||xx |||||||||||||| ||und||
020 ## - ISBN
Price RS350
040 ## - CATALOGING SOURCE
-- 243077
Original cataloging agency VIVEKANANDA LIBRARY
041 ## - Language
-- English
082 ## - DDC NUMBER
Classification number 005.1 M687H
100 ## - MAIN ENTRY--PERSONAL NAME
Personal name Mishra, Anil Kumar
245 #0 - TITLE STATEMENT
Title Handbook on SPSS for research work
260 ## - PUBLICATION, DISTRIBUTION, ETC. (IMPRINT)
Place of publication, distribution, etc Mumbai
Name of publisher, distributor, etc Himalaya Publishing House
Date of publication, distribution, etc 2017
300 ## - PHYSICAL DESCRIPTION
Pages 146 p.
500 ## - GENERAL NOTE
General note 2911 03/11/2017 HBD17/7085 07/11/2017 Main Budget
942 ## - ADDED ENTRY ELEMENTS (KOHA)
Koha item type Books
Holdings
Withdrawn status Lost status Damaged status Not for loan Location (home branch) Sublocation or collection (holding branch) Date acquired Koha issues (times borrowed) Koha full call number Accession No. Koha date last seen Koha item type
        VIVEKANANDA LIBRARY VIVEKANANDA LIBRARY 04/12/2017   005.1 M687H 367739 17/09/2023 Books
        VIVEKANANDA LIBRARY VIVEKANANDA LIBRARY 04/12/2017   005.1 M687H 367740 17/09/2023 Books
        VIVEKANANDA LIBRARY VIVEKANANDA LIBRARY 04/12/2017   005.1 M687H 367741 17/09/2023 Books
        VIVEKANANDA LIBRARY VIVEKANANDA LIBRARY 04/12/2017   005.1 M687H 367742 17/09/2023 Books
        VIVEKANANDA LIBRARY VIVEKANANDA LIBRARY 04/12/2017   005.1 M687H 367743 17/09/2023 Books
© Designed and Maintained by Vivekananda Library, MDU Rohtak